=LDR 00000nam 2200000 4500 =001 INLIS000000000041114 =005 20130612150650 =008 ***********************************ind** =035 ##$$0010-061300000041114 =041 ##$$a ind =082 ##$$a 813 =090 ##$$a 813 , Pan ,a =100 ##$$a PARKIN, Gaile =245 ##$$a Angelis Cake , Kisah tentang tulusnya cinta ditengah perang saudara rewanda , Gaile parkin =260 ##$$a 2010 $b Bandung =300 ##$$a 450 hlm. , 21 cm =650 ##$$a FIKSI =850 ##$$a NBPNMAT